00450nam a22001692 4500001001100000005001700011008004100028020001700069040001500086100002900101245005700130250001300187260002900200300001700229650003100246852000300277000002052020151217152216.0110921s xx 000 0 eng d a8123912099 : aKABUcKABU1 aKalia, A. N.@000018086010aTextbook of industrial pharmacognosy /cA. N. Kalia. a1st ed. aNew Delhi :bCBS,c2005. axvi, 285 p. 0aPharmacognosy.@00001558791